Statistics for JetPunk Country Type-ins: 'The' allowed before country name

Click here to take the quiz!

General Stats

  • This quiz has been taken 405 times
  • The average score is 11 of 20

Answer Stats

Country % Correct
United States
89%
United Kingdom
85%
Democratic Republic of the Congo
73%
United Arab Emirates
71%
Republic of the Congo
71%
Netherlands
62%
Gambia
60%
Bahamas
58%
Solomon Islands
58%
Federated States of Micronesia
57%
Marshall Islands
57%
Philippines
51%
Maldives
51%
Vatican City
49%
Central African Republic
42%
Comoros
41%
Dominican Republic
38%
Czech Republic
34%
Ukraine
32%
Honduras
5%

Score Distribution

Percentile by Number Answered

Percent of People with Each Score

Your Score History

You have not taken this quiz